| 000 | 00702nam a22002177a 4500 | ||
|---|---|---|---|
| 005 | 20150811153829.0 | ||
| 010 | _aENG-105073 B-489098-101 | ||
| 020 |
_a9789381626375 _c295.00 |
||
| 035 | _aEN-88605 B-489098-101 | ||
| 037 | _bDBAD/PUB | ||
| 037 | _bStar Pub/Ven | ||
| 082 | _aS | ||
| 100 | _aAshok K.Banker | ||
| 245 |
_aThe forest of stories / _cby Ashok K.Banker |
||
| 260 |
_aChennai _bWestland _c2012 |
||
| 270 |
_aVenkat Towers,165,P.H. Road, Maduravoyal _bChennai _e600095 |
||
| 300 |
_axxii,350p. _c20cm(pbk) |
||
| 490 | _aMahabharata series book one | ||
| 942 |
_2ddc _cEN _mASH _hS |
||
| 999 |
_c65376 _d65376 |
||